Física para ciencias e ingeniería (Registro nro. 8773)

Detalles MARC
000 -Cabecera
Campo de control de longitud fija 01742nam a2200661 4500
005 - Fecha y hora de la última transacción
Campo de control 20251128162654.0
008 - Elementos de longitud fija--Información general
Campo de control de longitud fija 150312b2002 xxu||||| |||| 00| 0 spa d
020 ## - International Standard Book Number
Número Internacional Estándar del Libro (ISBN) 9701035801
041 ## - Idioma
Código de idioma Español
082 ## - Clasificación Decimal Dewey
Número de clasificación 530 S492fi5
100 ## - Entrada principal--Autor personal
Nombre personal Serway, Raymond A.
100 ## - Entrada principal--Autor personal
Nombre personal Beichner, Robert J.
245 ## - Título propiamente dicho
Título Física para ciencias e ingeniería
250 ## - Edición
Mención de edición 5 edición
260 ## - Pie de imprenta
Lugar de publicación, distribución, etc. México
260 ## - Pie de imprenta
Nombre del editor, distribuidor, etc. McGraw-Hill
260 ## - Pie de imprenta
Fecha de publicación, distribución, etc. 2001
300 ## - Descripción física
Extensión 705 páginas
490 ## - Serie
Título de la Serie Mecánica Dental
490 ## - Serie
Título de la Serie Gestión de Calidad
490 ## - Serie
Título de la Serie Electrónica
505 ## - Nota de contenido
Nota de contenido Incluye tomo I y II
505 ## - Nota de contenido
Nota de contenido Tomo 1: Mecánica, Ondas mecánicas, Termodinámica.
505 ## - Nota de contenido
Nota de contenido Tomo 2: Electricidad y magnetismo, Luz y óptica
650 ## - Materia general
Temática (materia general) FÍSICA
650 ## - Materia general
Temática (materia general) MECÁNICA
650 ## - Materia general
Temática (materia general) ONDAS MECÁNICAS
650 ## - Materia general
Temática (materia general) TERMODINÁMICA
650 ## - Materia general
Temática (materia general) ENEGÍA POTENCIAL
650 ## - Materia general
Temática (materia general) LEYES DEL MOVIMIENTO
650 ## - Materia general
Temática (materia general) MOVIMIENTO CIRCULAR
650 ## - Materia general
Temática (materia general) LEYES DE NEWTON
650 ## - Materia general
Temática (materia general) LEY DE LA GRAVEDAD
650 ## - Materia general
Temática (materia general) FÍSICA ATÓMICA
650 ## - Materia general
Temática (materia general) ELECTRICIDAD
650 ## - Materia general
Temática (materia general) CAMPOS ELÉCTRICOS
650 ## - Materia general
Temática (materia general) LEY DE GAUSS
650 ## - Materia general
Temática (materia general) DIELÉCTRICOS
650 ## - Materia general
Temática (materia general) CAMPOS MAGNÉTICOS
650 ## - Materia general
Temática (materia general) LEY DE FARADAY
650 ## - Materia general
Temática (materia general) INDUCTANCIA
650 ## - Materia general
Temática (materia general) ELECTROMAGNETISMO
650 ## - Materia general
Temática (materia general) ÓPTICA GEOMÉTRICA
650 ## - Materia general
Temática (materia general) DIFRACCIÓN
650 ## - Materia general
Temática (materia general) FÍSICA MODERNA
650 ## - Materia general
Temática (materia general) RELATIVIDAD
650 ## - Materia general
Temática (materia general) FÍSICA CUÁNTICA
650 ## - Materia general
Temática (materia general) MECÁNICA CUÁNTICA
650 ## - Materia general
Temática (materia general) FÍSICA ATÓMICA
650 ## - Materia general
Temática (materia general) ESTRUCTURA NUCLEAR
650 ## - Materia general
Temática (materia general) FÍSICA DE PARTICULAS
650 ## - Materia general
Temática (materia general) COSMOLOGÍA
650 ## - Materia general
Temática (materia general) LEY DE HOOKE
942 ## - Punto de acceso adicional KOHA
Tipo de ítem KOHA Libro
Fuente del sistema de clasificación o colocación Dewey Decimal Classification
Existencias
Signatura completa Código de barras Tipo de ítem Programa Académico
530 S492f5 8010 Libro  
530 S492f5 8011 Libro  
530 S492f5 9322 Libro  
530 S492f5 9323 Libro  
530 S492fi5 10683 Libro  
530 S492fi5 10684 Libro  
530 S492fi5 10685 Libro  
530 S492f5 10686 Libro